[Event "CAN Transnational op"]
[Site "Montreal"]
[Date "2023.06.09"]
[Round "5"]
[White "Plotkin, Victor"]
[Black "Samsonkin, Artiom"]
[Result "1/2-1/2"]
[WhiteElo "2170"]
[BlackElo "2420"]
[PlyCount "68"]
[EventDate "2023.06.06"]
[EventType "swiss"]
[EventRounds "9"]
[EventCountry "CAN"]
[SourceTitle "CBM 214 Extra"]
[Source "ChessBase"]
[SourceDate "2023.07.31"]
[SourceVersion "1"]
[SourceVersionDate "2023.07.31"]
[SourceQuality "1"]

1. e4 c6 2. Nc3 d5 3. Nf3 dxe4 4. Nxe4 Nf6 5. Nxf6+ exf6 6. Bc4 Bd6 7. Qe2+ Be7 8. 0-0 0-0 9. Re1 Bd6 10. d4 a5 11. Bd2 Na6 12. a3 Nc7 13. h3 b5 14. Bd3 Re8 15. Qf1 Be6 16. c4 bxc4 17. Bxc4 Nd5 18. Rac1 Qd7 19. Rc2 a4 20. Rec1 Rab8 21. Bd3 Nf4 22. Bxf4 Bxf4 23. Re1 Bd5 24. Rxe8+ Rxe8 25. Re2 Rb8 26. Qe1 g6 27. Be4 Bc4 28. Rc2 Qe6 29. Qc3 Bb3 30. Re2 Bd5 31. Bd3 Qd6 32. Nd2 Kg7 33. Ne4 Bxe4 34. Bxe4 Re8 1/2-1/2

[Event "CAN Transnational op"]
[Site "Montreal"]
[Date "2023.06.08"]
[Round "3"]
[White "Hua, Eugene"]
[Black "Samsonkin, Artiom"]
[Result "1/2-1/2"]
[WhiteElo "2275"]
[BlackElo "2420"]
[PlyCount "61"]
[EventDate "2023.06.06"]
[EventType "swiss"]
[EventRounds "9"]
[EventCountry "CAN"]
[SourceTitle "CBM 214 Extra"]
[Source "ChessBase"]
[SourceDate "2023.07.31"]
[SourceVersion "1"]
[SourceVersionDate "2023.07.31"]
[SourceQuality "1"]

1. d4 Nf6 2. Bf4 d6 3. Nc3 Nbd7 4. e4 e5 5. Be3 Be7 6. Bc4 0-0 7. Nf3 c6 8. a4 Nxe4 9. Nxe4 d5 10. Nxe5 Nxe5 11. dxe5 dxc4 12. 0-0 Bf5 13. Nd6 Bxd6 14. exd6 Qf6 15. Qe2 Qg6 16. Rfe1 Qxd6 17. Qxc4 Qg6 18. Bf4 Rfe8 19. c3 h5 20. Bg3 Re4 21. Rxe4 Bxe4 22. Re1 Rd8 23. h4 Bf5 24. Qb4 b6 25. Qe7 Rd2 26. Qe8+ Kh7 27. Qa8 Be4 28. Qe8 Bf5 29. Qa8 Be4 30. Qe8 Bf5 31. Qa8 1/2-1/2

[Event "CAN Transnational Rapid"]
[Site "Toronto"]
[Date "2023.06.04"]
[Round "10"]
[White "Bosiocic, Marin"]
[Black "Samsonkin, Artiom"]
[Result "0-1"]
[WhiteElo "2543"]
[BlackElo "2420"]
[PlyCount "84"]
[EventDate "2023.06.03"]
[EventType "swiss (rapid)"]
[EventRounds "11"]
[EventCountry "CAN"]
[SourceTitle "CBM 214 Extra"]
[Source "ChessBase"]
[SourceDate "2023.07.31"]
[SourceVersion "1"]
[SourceVersionDate "2023.07.31"]
[SourceQuality "1"]

1. Nf3 Nf6 2. c4 e6 3. g3 d5 4. d4 Be7 5. Bg2 0-0 6. 0-0 dxc4 7. Qc2 b5 8. a4 b4 9. Ne5 Nd5 10. Nxc4 c5 11. e4 Nb6 12. e5 Nxc4 13. Bxa8 Ba6 14. Be4 Qxd4 15. Bxh7+ Kh8 16. Rd1 Qg4 17. Bd3 Nc6 18. h3 Qxh3 19. Bf1 Qg4 20. Bf4 b3 21. Qxb3 N4a5 22. Qc2 Nb4 23. Qd2 Nb3 24. Qd7 Rd8 25. Qxd8+ Bxd8 26. Rxd8+ Kh7 27. Ra3 Bxf1 28. Kxf1 Nd4 29. Kg2 g5 30. Nd2 gxf4 31. Rd7 Kg6 32. Nf3 Nxf3 33. Rxf3 Nd5 34. Rxa7 Qf5 35. a5 Qxe5 36. a6 Qe2 37. gxf4 Qe4 38. Kg3 Nf6 39. Rc7 Nh5+ 40. Kg2 Nxf4+ 41. Kg3 Ne2+ 42. Kg2 Nd4 0-1

[Event "CAN Transnational Rapid"]
[Site "Toronto"]
[Date "2023.06.04"]
[Round "8"]
[White "Cervantes Landeiro, Thalia"]
[Black "Samsonkin, Artiom"]
[Result "0-1"]
[WhiteElo "2271"]
[BlackElo "2420"]
[PlyCount "78"]
[EventDate "2023.06.03"]
[EventType "swiss (rapid)"]
[EventRounds "11"]
[EventCountry "CAN"]
[SourceTitle "CBM 214 Extra"]
[Source "ChessBase"]
[SourceDate "2023.07.31"]
[SourceVersion "1"]
[SourceVersionDate "2023.07.31"]
[SourceQuality "1"]

1. d4 Nf6 2. c4 e6 3. Nf3 Bb4+ 4. Nbd2 b6 5. a3 Bxd2+ 6. Qxd2 Bb7 7. e3 0-0 8. Be2 d5 9. cxd5 Bxd5 10. 0-0 Nbd7 11. b4 c5 12. dxc5 bxc5 13. Bb2 Ne4 14. Qc2 Qb6 15. b5 c4 16. a4 c3 17. Ba3 Rfc8 18. Bd3 f5 19. Rfb1 Qb7 20. a5 Nd2 21. a6 Nxf3+ 22. gxf3 Qc7 23. e4 Bc4 24. Qxc3 Bxd3 25. Qxd3 Ne5 26. Qb3 Qf7 27. Kh1 Rd8 28. Bb2 Nd3 29. Rf1 fxe4 30. f4 Rd5 31. Be5 Qh5 32. f3 e3 33. b6 axb6 34. Ra2 Qh3 35. Rg2 g6 36. Qc2 Rad8 37. a7 Nxe5 38. fxe5 Rd2 39. Rxd2 Qxf1# 0-1

[Event "CAN Transnational Rapid"]
[Site "Toronto"]
[Date "2023.06.04"]
[Round "5"]
[White "Samsonkin, Artiom"]
[Black "Liang, Awonder"]
[Result "0-1"]
[WhiteElo "2420"]
[BlackElo "2651"]
[PlyCount "88"]
[EventDate "2023.06.03"]
[EventType "swiss (rapid)"]
[EventRounds "11"]
[EventCountry "CAN"]
[SourceTitle "CBM 214 Extra"]
[Source "ChessBase"]
[SourceDate "2023.07.31"]
[SourceVersion "1"]
[SourceVersionDate "2023.07.31"]
[SourceQuality "1"]

1. e4 d5 2. exd5 Qxd5 3. Nf3 Nf6 4. Be2 e6 5. 0-0 Be7 6. d4 Qd8 7. c4 b6 8. Ne5 Bb7 9. Bf3 Qc8 10. Qa4+ Nfd7 11. d5 exd5 12. cxd5 0-0 13. Nxd7 Nxd7 14. Re1 Bd6 15. Nc3 Ne5 16. Be2 Qf5 17. Be3 Qg6 18. Rad1 Bc8 19. Qh4 Bg4 20. Bxg4 Nxg4 21. h3 Nxe3 22. Rxe3 Bc5 23. Re4 h6 24. b4 Bd6 25. Nb5 Kh7 26. Nxd6 cxd6 27. Qg4 Rfe8 28. Qxg6+ Kxg6 29. Rg4+ Kf6 30. Rf4+ Kg6 31. Rg4+ Kh7 32. Rc4 Re2 33. Rc7 f6 34. Rd7 Rxa2 35. Rc1 Kg6 36. Rcc7 Kf5 37. Rxd6 Ke5 38. Rdd7 g5 39. Rc6 Re8 40. Rcc7 a5 41. bxa5 bxa5 42. d6 Rb8 43. Rc1 Ke6 44. Rh7 Ke5 0-1

[Event "Titled Tuesday intern op 02nd May Late"]
[Site "Chess.com INT"]
[Date "2023.05.02"]
[Round "8"]
[White "Samsonkin, Artiom"]
[Black "Baskin, Robert"]
[Result "0-1"]
[WhiteElo "2420"]
[BlackElo "2451"]
[PlyCount "72"]
[EventDate "2023.05.02"]
[EventType "swiss (blitz)"]
[EventRounds "11"]
[EventCountry "USA"]
[SourceTitle "EXT 2024"]
[Source "ChessBase"]
[SourceDate "2023.10.10"]
[SourceVersion "1"]
[SourceVersionDate "2023.10.10"]
[SourceQuality "1"]

1. e4 c5 2. Nf3 d6 3. d4 cxd4 4. Nxd4 Nf6 5. Nc3 Nc6 6. Bg5 e6 7. Qd2 a6 8. 0-0-0 Bd7 9. f4 Be7 10. Kb1 h6 11. Bh4 b5 12. Nxc6 Bxc6 13. Qe1 Qc7 14. Bxf6 Bxf6 15. Nd5 Bxd5 16. exd5 e5 17. g4 0-0 18. g5 hxg5 19. fxg5 Bxg5 20. Rg1 Bf4 21. Bd3 f5 22. Qh4 Rf7 23. Rdf1 Rc8 24. c3 b4 25. c4 Qe7 26. Qh3 Qf6 27. Qh5 g5 28. Rxf4 exf4 29. Bxf5 Qxf5+ 30. Ka1 Rg7 31. h4 f3 32. hxg5 f2 33. Rf1 Rxg5 34. Qh2 Rf8 35. a3 b3 36. Qxd6 Rg1 0-1

[Event "Titled Tuesday intern op 25th Apr Late"]
[Site "Chess.com INT"]
[Date "2023.04.25"]
[Round "3"]
[White "Samsonkin, Artiom"]
[Black "Jaskolka, Tomasz"]
[Result "0-1"]
[WhiteElo "2420"]
[BlackElo "2238"]
[PlyCount "112"]
[EventDate "2023.04.25"]
[EventType "swiss (blitz)"]
[EventRounds "11"]
[EventCountry "USA"]
[SourceTitle "EXT 2024"]
[Source "ChessBase"]
[SourceDate "2023.10.10"]
[SourceVersion "1"]
[SourceVersionDate "2023.10.10"]
[SourceQuality "1"]

1. e4 c5 2. Nc3 e6 3. Nf3 Nc6 4. Bb5 Nd4 5. 0-0 a6 6. Bc4 Qc7 7. a4 b6 8. d3 Bb7 9. Ba2 g6 10. Nxd4 cxd4 11. Ne2 Bg7 12. f4 Ne7 13. Kh1 f5 14. e5 Nc6 15. c3 dxc3 16. bxc3 0-0 17. Ba3 Rfc8 18. Bd6 Qd8 19. Rb1 Bf8 20. Bxf8 Kxf8 21. Qb3 b5 22. Rb2 Ne7 23. Nd4 Qb6 24. axb5 axb5 25. Nxb5 Rcb8 26. Qb4 Bc6 27. Bc4 Bxb5 28. Bxb5 Kf7 29. c4 Qd4 30. Qd2 Nc6 31. Rbb1 Qc5 32. Bxc6 Qxc6 33. Rxb8 Rxb8 34. Qf2 Kg7 35. Qh4 Qc5 36. Qf6+ Kg8 37. Qh4 Qe3 38. Qg3 Qe2 39. Re1 Qd2 40. h4 Rb3 41. Re3 Rb1+ 42. Kh2 Qd1 43. Qf2 Qh1+ 44. Kg3 Rd1 45. Qb2 Kg7 46. c5 Re1 47. Qd2 Rg1 48. Re2 Rf1 49. Qe3 Rd1 50. Qd4 Qf1 51. Qxd7+ Kh6 52. Qd4 Qxe2 53. c6 Rxd3+ 54. Qxd3 Qxd3+ 55. Kh2 Qc4 56. c7 Qxc7 0-1

[Event "Titled Tuesday intern op 18th Apr Early"]
[Site "Chess.com INT"]
[Date "2023.04.18"]
[Round "4"]
[White "Samsonkin, Artiom"]
[Black "Bortnyk, Olexandr"]
[Result "0-1"]
[WhiteElo "2420"]
[BlackElo "2605"]
[PlyCount "60"]
[EventDate "2023.04.18"]
[EventType "swiss (blitz)"]
[EventRounds "11"]
[EventCountry "USA"]
[SourceTitle "EXT 2024"]
[Source "ChessBase"]
[SourceDate "2023.10.10"]
[SourceVersion "1"]
[SourceVersionDate "2023.10.10"]
[SourceQuality "1"]

1. e4 Nf6 2. Nc3 d5 3. e5 Nfd7 4. d4 c5 5. dxc5 e6 6. Nf3 Bxc5 7. Bd3 Nc6 8. Bf4 h6 9. h4 a6 10. Qe2 b5 11. 0-0-0 Nb6 12. Be3 Qe7 13. Bxc5 Qxc5 14. Kb1 b4 15. Ne4 dxe4 16. Bxe4 Bb7 17. Rd6 Nc4 18. Rd3 0-0 19. Rd7 Rab8 20. Rhd1 Ba8 21. Ka1 N6xe5 22. Nxe5 Nxe5 23. R7d4 Bxe4 24. Qxe4 a5 25. f4 Ng4 26. Qe2 h5 27. Rc4 Qe3 28. Qf1 Rfd8 29. Re1 Qf2 30. Qh1 Rd2 0-1

[Event "Titled Tuesday intern op 18th Apr Early"]
[Site "Chess.com INT"]
[Date "2023.04.18"]
[Round "6"]
[White "Samsonkin, Artiom"]
[Black "Tang, Andrew"]
[Result "0-1"]
[WhiteElo "2420"]
[BlackElo "2523"]
[PlyCount "80"]
[EventDate "2023.04.18"]
[EventType "swiss (blitz)"]
[EventRounds "11"]
[EventCountry "USA"]
[SourceTitle "EXT 2024"]
[Source "ChessBase"]
[SourceDate "2023.10.10"]
[SourceVersion "1"]
[SourceVersionDate "2023.10.10"]
[SourceQuality "1"]

1. e4 e5 2. Nf3 Nc6 3. d4 exd4 4. Bc4 Nf6 5. e5 d5 6. Bb5 Ne4 7. Nxd4 Bc5 8. Be3 Bd7 9. Bxc6 bxc6 10. Nd2 Qh4 11. 0-0 0-0 12. N4f3 Qe7 13. Nxe4 dxe4 14. Bxc5 Qxc5 15. Qxd7 exf3 16. Qxc7 fxg2 17. Rfe1 Qxc2 18. b3 a5 19. Rec1 Qf5 20. Rxc6 Rac8 21. Qb6 Qxe5 22. Rac1 Rcd8 23. R6c5 Qf4 24. Qxa5 Rd2 25. Rf5 Qd6 26. Qc5 Qd3 27. Kxg2 Re8 28. Rf3 Qg6+ 29. Rg3 Qe4+ 30. Kg1 Red8 31. Rf1 h6 32. Qc4 Qf5 33. Qc3 R8d4 34. Qf3 Qe6 35. Qa8+ Kh7 36. Qf8 Qf6 37. Qc8 Rxa2 38. Qc1 Rdd2 39. Qb1+ g6 40. Qe1 Re2 0-1

[Event "Titled Tuesday intern op 18th Apr Early"]
[Site "Chess.com INT"]
[Date "2023.04.18"]
[Round "7"]
[White "Skatchkov, Valery"]
[Black "Samsonkin, Artiom"]
[Result "0-1"]
[WhiteElo "2211"]
[BlackElo "2420"]
[PlyCount "62"]
[EventDate "2023.04.18"]
[EventType "swiss (blitz)"]
[EventRounds "11"]
[EventCountry "USA"]
[SourceTitle "EXT 2024"]
[Source "ChessBase"]
[SourceDate "2023.10.10"]
[SourceVersion "1"]
[SourceVersionDate "2023.10.10"]
[SourceQuality "1"]

1. d4 Nf6 2. c4 g6 3. Nc3 Bg7 4. e4 d6 5. h3 0-0 6. Bg5 Nbd7 7. Bd3 h6 8. Be3 e5 9. d5 Nh5 10. Nge2 a5 11. Qd2 Kh7 12. g4 Nf4 13. Nxf4 exf4 14. Bxf4 Ne5 15. Be2 f5 16. gxf5 gxf5 17. 0-0-0 fxe4 18. Nxe4 Qh4 19. Bxe5 Bxe5 20. Kb1 Qxe4+ 21. Ka1 Qf4 22. Qc2+ Bf5 23. Bd3 Bxd3 24. Rxd3 Qf5 25. f4 Bg7 26. Qd2 Rae8 27. Rg3 Qxf4 28. Qc2+ Qe4 29. Qd1 Rf2 30. Rb3 a4 31. Rxb7 a3 0-1

[Event "Titled Tuesday intern op 04th Apr Early"]
[Site "Chess.com INT"]
[Date "2023.04.04"]
[Round "5"]
[White "Samsonkin, Artiom"]
[Black "Manukyan, Sargis A"]
[Result "1-0"]
[WhiteElo "2420"]
[BlackElo "2158"]
[PlyCount "89"]
[EventDate "2023.04.04"]
[EventType "swiss (blitz)"]
[EventRounds "11"]
[EventCountry "USA"]
[SourceTitle "EXT 2024"]
[Source "ChessBase"]
[SourceDate "2023.10.10"]
[SourceVersion "1"]
[SourceVersionDate "2023.10.10"]
[SourceQuality "1"]

1. e4 c5 2. Nf3 d6 3. d4 cxd4 4. Qxd4 Nc6 5. Bb5 Bd7 6. Bxc6 Bxc6 7. Nc3 Nf6 8. Bg5 e6 9. 0-0-0 Be7 10. Rhe1 Qc7 11. Kb1 0-0 12. Qd2 b5 13. Bxf6 Bxf6 14. Qxd6 Qb7 15. Nd4 Rfc8 16. Nxc6 Rxc6 17. Qd7 Rc7 18. Qd3 Rac8 19. e5 Be7 20. Qxb5 Qxg2 21. Rd7 Qxf2 22. Red1 Rc5 23. Rd8+ Bf8 24. Qe8 Rxd8 25. Rxd8 Qe1+ 26. Nd1 h6 27. Qxf8+ Kh7 28. Qxf7 Qe2 29. Qg8+ Kg6 30. Qxe6+ Kg5 31. Qe7+ Kh5 32. Qxc5 g5 33. a3 a5 34. Ka1 a4 35. Kb1 g4 36. e6+ Kh4 37. Qf2+ Qxf2 38. Nxf2 h5 39. c3 g3 40. hxg3+ Kxg3 41. e7 Kh4 42. e8Q Kg3 43. Qxa4 Kh2 44. Rg8 h4 45. Qxh4# 1-0

[Event "Charlotte CCCSA Spring GM-A"]
[Site "Charlotte"]
[Date "2023.03.17"]
[Round "5"]
[White "Brodsky, David"]
[Black "Samsonkin, Artiom"]
[Result "1-0"]
[WhiteElo "2486"]
[BlackElo "2425"]
[PlyCount "77"]
[EventDate "2023.03.15"]
[EventType "tourn"]
[EventRounds "9"]
[EventCountry "USA"]
[EventCategory "6"]
[SourceTitle "CBM 213 Extra"]
[Source "ChessBase"]
[SourceDate "2023.05.31"]
[SourceVersion "1"]
[SourceVersionDate "2023.05.31"]
[SourceQuality "1"]

1. e4 c6 2. d4 d5 3. e5 Bf5 4. Nf3 e6 5. Be2 Nd7 6. 0-0 h6 7. c3 Ne7 8. Na3 Bh7 9. Nc2 a6 10. b4 Ng6 11. Nfe1 Be7 12. f4 0-0 13. g4 Nh4 14. Bd3 Bxd3 15. Nxd3 f5 16. Kh1 Qe8 17. g5 Qg6 18. Qe2 Rf7 19. Rg1 Raf8 20. gxh6 Qxh6 21. Be3 Qh7 22. Bf2 g5 23. fxg5 f4 24. Bxh4 Qxh4 25. Qg4 Rh7 26. Qxh4 Rxh4 27. Raf1 Rf5 28. Nce1 Nf8 29. g6 Kg7 30. Ng2 Rxh2+ 31. Kxh2 Rh5+ 32. Nh4 Rxh4+ 33. Kg2 Nxg6 34. Kf3 Kh6 35. Nf2 Kh5 36. Rg2 Nh8 37. Rg7 Ng6 38. Rh7+ Kg5 39. Rg1+ 1-0

[Event "Charlotte CCCSA Spring GM-A"]
[Site "Charlotte"]
[Date "2023.03.15"]
[Round "1"]
[White "Ringoir, Tanguy"]
[Black "Samsonkin, Artiom"]
[Result "1-0"]
[WhiteElo "2490"]
[BlackElo "2425"]
[PlyCount "91"]
[EventDate "2023.03.15"]
[EventType "tourn"]
[EventRounds "9"]
[EventCountry "USA"]
[EventCategory "6"]
[SourceTitle "CBM 213 Extra"]
[Source "ChessBase"]
[SourceDate "2023.05.31"]
[SourceVersion "1"]
[SourceVersionDate "2023.05.31"]
[SourceQuality "1"]

1. d4 Nf6 2. c4 e6 3. Nf3 Bb4+ 4. Nbd2 0-0 5. a3 Be7 6. e4 d6 7. Bd3 e5 8. 0-0 exd4 9. Nxd4 Nc6 10. Nxc6 bxc6 11. Nb3 c5 12. Na5 Bd7 13. f4 c6 14. Bd2 Qc7 15. Qf3 Rfe8 16. h3 Bf8 17. Rae1 Rab8 18. Bc3 d5 19. cxd5 cxd5 20. exd5 c4 21. Bxc4 Rxe1 22. Rxe1 Rxb2 23. Bxb2 Qb6+ 24. Kh2 Qxb2 25. Nc6 Bd6 26. Ne5 Qd4 27. Qe3 Qb2 28. Qxa7 Qc3 29. Qe3 Qb2 30. Bb3 Qxa3 31. Qb6 h5 32. Kh1 Bb4 33. Qb8+ Be8 34. Rb1 Bd6 35. Qb6 Ne4 36. Nc4 Qc5 37. Qxc5 Bxc5 38. Bc2 Ng3+ 39. Kh2 h4 40. Bd3 f6 41. Rb8 Kf7 42. Rc8 Bb4 43. Rc7+ Kf8 44. d6 Bb5 45. Rc8+ Kf7 46. Rb8 1-0

[Event "Titled Tuesday intern op 7th Mar Late"]
[Site "Chess.com INT"]
[Date "2023.03.07"]
[Round "6"]
[White "Berezin, Viktor1111"]
[Black "Samsonkin, Artiom"]
[Result "0-1"]
[WhiteElo "2307"]
[BlackElo "2425"]
[PlyCount "84"]
[EventDate "2023.03.07"]
[EventType "swiss (blitz)"]
[EventRounds "11"]
[EventCountry "USA"]
[SourceTitle "EXT 2024"]
[Source "ChessBase"]
[SourceDate "2023.10.10"]
[SourceVersion "1"]
[SourceVersionDate "2023.10.10"]
[SourceQuality "1"]

1. d4 d5 2. c4 e6 3. Nf3 Nf6 4. g3 dxc4 5. Bg2 c5 6. 0-0 Nc6 7. dxc5 Qxd1 8. Rxd1 Bxc5 9. Nfd2 Ne5 10. Na3 c3 11. bxc3 0-0 12. Nac4 Neg4 13. e3 Nd5 14. Bb2 b5 15. Na5 Bb6 16. Ndb3 Ne5 17. Rac1 Ba6 18. Bxd5 exd5 19. Rxd5 Rfe8 20. c4 Nf3+ 21. Kf1 bxc4 22. Kg2 cxb3 23. Kxf3 bxa2 24. Ra1 Bc8 25. e4 Be6 26. Rb5 Rac8 27. Nb3 Rc2 28. Bd4 Bc4 29. Rb4 Bxb3 30. Bxb6 Rc3+ 31. Be3 f5 32. Ke2 Rc2+ 33. Kf3 fxe4+ 34. Kg2 Rb2 35. Bd4 Rb1 36. h3 a5 37. Rb5 a4 38. Rb6 Rd8 39. Be5 Rxa1 40. Bxa1 Rd1 41. Be5 a1Q 42. Rb7 Qxe5 0-1

[Event "Titled Tuesday intern op 7th Mar Late"]
[Site "Chess.com INT"]
[Date "2023.03.07"]
[Round "8"]
[White "Samsonkin, Artiom"]
[Black "Hakobyan, Aram"]
[Result "1/2-1/2"]
[WhiteElo "2425"]
[BlackElo "2620"]
[PlyCount "196"]
[EventDate "2023.03.07"]
[EventType "swiss (blitz)"]
[EventRounds "11"]
[EventCountry "USA"]
[SourceTitle "EXT 2024"]
[Source "ChessBase"]
[SourceDate "2023.10.10"]
[SourceVersion "1"]
[SourceVersionDate "2023.10.10"]
[SourceQuality "1"]

1. e4 g6 2. d4 Bg7 3. Nc3 c5 4. Be3 cxd4 5. Bxd4 Bxd4 6. Qxd4 Nf6 7. 0-0-0 Nc6 8. Qe3 d6 9. h3 0-0 10. f4 Qa5 11. Nf3 Be6 12. Kb1 Rac8 13. a3 Rfd8 14. f5 gxf5 15. exf5 Bxf5 16. Bd3 Bg6 17. g4 Ne5 18. g5 Nh5 19. Bxg6 Rxc3 20. Bxh7+ Kxh7 21. Qe4+ Ng6 22. bxc3 Ng3 23. Qc4 d5 24. Qg4 Nxh1 25. Qf5 Kg8 26. Rxh1 Qxc3 27. Rf1 Rd6 28. Nd2 Rb6+ 29. Nb3 Rxb3+ 30. cxb3 Qxb3+ 31. Ka1 Qxa3+ 32. Kb1 Qb3+ 33. Ka1 d4 34. h4 Qa3+ 35. Kb1 Qb4+ 36. Ka1 Qc3+ 37. Kb1 Qb3+ 38. Ka1 Nxh4 39. Qc8+ Kg7 40. Qc1 Ng6 41. Qd2 e5 42. Qf2 Qe6 43. Re1 Nf4 44. Rh1 Qa6+ 45. Kb1 Qb5+ 46. Ka1 Qa4+ 47. Kb1 Qb3+ 48. Ka1 Qa3+ 49. Kb1 Qd3+ 50. Ka1 Qc3+ 51. Kb1 Qb4+ 52. Ka1 Qa5+ 53. Kb1 Qb5+ 54. Ka1 Qa6+ 55. Kb1 Qc6 56. Qh2 Qg6+ 57. Ka1 Qa6+ 58. Kb1 Qb6+ 59. Ka1 Qa5+ 60. Kb1 Qb4+ 61. Ka1 Qa3+ 62. Kb1 Qb3+ 63. Ka1 Ng6 64. Qh6+ Kg8 65. Rc1 Qa3+ 66. Kb1 Qb4+ 67. Ka1 Qa4+ 68. Kb1 Qb5+ 69. Ka1 Qa5+ 70. Kb1 Qb6+ 71. Ka1 Qa6+ 72. Kb1 Qe6 73. Rh1 d3 74. Qh7+ Kf8 75. Qh6+ Ke8 76. Qg7 Qb3+ 77. Ka1 Qa3+ 78. Kb1 e4 79. Qd4 Qb3+ 80. Ka1 Qe6 81. Re1 Qa6+ 82. Kb1 Qb5+ 83. Ka1 Qa6+ 84. Kb2 Qb5+ 85. Kc1 Qc6+ 86. Kb1 Qc2+ 87. Ka1 d2 88. Rxe4+ Kf8 89. Qb4+ Kg7 90. Qd4+ Kg8 91. Re8+ Nf8 92. Rxf8+ Kxf8 93. Qd8+ Kg7 94. Qf6+ Kg8 95. Qd8+ Kh7 96. g6+ Kxg6 97. Qd6+ f6 98. Qxf6+ Kxf6 1/2-1/2

[Event "Titled Tuesday intern op 7th Mar Late"]
[Site "Chess.com INT"]
[Date "2023.03.07"]
[Round "11"]
[White "Samsonkin, Artiom"]
[Black "Kamsky, Gata"]
[Result "0-1"]
[WhiteElo "2425"]
[BlackElo "2663"]
[PlyCount "64"]
[EventDate "2023.03.07"]
[EventType "swiss (blitz)"]
[EventRounds "11"]
[EventCountry "USA"]
[SourceTitle "EXT 2024"]
[Source "ChessBase"]
[SourceDate "2023.10.10"]
[SourceVersion "1"]
[SourceVersionDate "2023.10.10"]
[SourceQuality "1"]

1. e4 g6 2. d4 Bg7 3. Nc3 d6 4. f4 a6 5. Nf3 b5 6. a4 b4 7. Nd5 a5 8. Bd3 e6 9. Ne3 Ba6 10. 0-0 Nd7 11. Bxa6 Rxa6 12. f5 exf5 13. exf5 Ngf6 14. Qe2 Ra8 15. fxg6 hxg6 16. Nf5+ Kf8 17. Nxg7 Kxg7 18. Bg5 Qe8 19. Qc4 Qe6 20. Qxc7 Rhc8 21. Bxf6+ Nxf6 22. Qb7 Rab8 23. Qa6 Rxc2 24. Rae1 Qd5 25. Re7 Re8 26. Rxe8 Nxe8 27. b3 Nf6 28. Qa7 Ng4 29. Re1 Qxb3 30. h3 Ne3 31. Kh1 Nxg2 32. Rf1 Ne3 0-1

[Event "Titled Tuesday intern op 7th Mar Late"]
[Site "Chess.com INT"]
[Date "2023.03.07"]
[Round "7"]
[White "Samsonkin, Artiom"]
[Black "Lenderman, Aleksandr"]
[Result "1-0"]
[WhiteElo "2425"]
[BlackElo "2572"]
[PlyCount "101"]
[EventDate "2023.03.07"]
[EventType "swiss (blitz)"]
[EventRounds "11"]
[EventCountry "USA"]
[SourceTitle "EXT 2024"]
[Source "ChessBase"]
[SourceDate "2023.10.10"]
[SourceVersion "1"]
[SourceVersionDate "2023.10.10"]
[SourceQuality "1"]

1. e4 e6 2. d4 d5 3. Nc3 dxe4 4. Nxe4 Nd7 5. Nf3 Ngf6 6. Bd3 c5 7. Qe2 Be7 8. Nxf6+ Nxf6 9. dxc5 Bxc5 10. Bg5 Qc7 11. 0-0-0 0-0 12. Bxf6 Qf4+ 13. Kb1 Qxf6 14. Qe4 g6 15. h4 Bd7 16. Ne5 Bc6 17. Ng4 Qg7 18. Qc4 b6 19. h5 Bd5 20. Qf4 g5 21. Nf6+ Kh8 22. h6 gxf4 23. hxg7+ Kxg7 24. Nh5+ Kh8 25. Nxf4 f5 26. c4 Bc6 27. Ng6+ Kg7 28. Nxf8 Rxf8 29. Be2 Be4+ 30. Ka1 Bxf2 31. Rd7+ Kf6 32. Bf3 Rg8 33. a3 a5 34. Rhxh7 Rg6 35. Bxe4 fxe4 36. Rhf7+ Ke5 37. Rxf2 e3 38. Re2 Ke4 39. Rd1 e5 40. Rde1 Rg3 41. Ka2 Kd3 42. b4 a4 43. c5 bxc5 44. bxc5 Kd4 45. c6 Rg7 46. Rxe3 Rxg2+ 47. R3e2 Rg7 48. Rc1 Rc7 49. Rd2+ Ke3 50. Rd7 Rc8 51. c7 1-0

[Event "Titled Tuesday intern op 21st Feb Early"]
[Site "Chess.com INT"]
[Date "2023.02.21"]
[Round "4"]
[White "Pinheiro, Iung Alicio"]
[Black "Samsonkin, Artiom"]
[Result "0-1"]
[WhiteElo "2306"]
[BlackElo "2425"]
[PlyCount "148"]
[EventDate "2023.02.21"]
[EventType "swiss (blitz)"]
[EventRounds "11"]
[EventCountry "USA"]
[SourceTitle "CBM 212 Extra"]
[Source "ChessBase"]
[SourceDate "2023.03.31"]
[SourceVersion "1"]
[SourceVersionDate "2023.03.31"]
[SourceQuality "1"]

1. e4 e6 2. d4 d5 3. e5 c5 4. c3 Nc6 5. Nf3 Qb6 6. Bd3 Bd7 7. 0-0 Nh6 8. Re1 Nf5 9. Bxf5 exf5 10. dxc5 Bxc5 11. Re2 a5 12. Nbd2 a4 13. b4 Be7 14. Nf1 Be6 15. a3 h6 16. h4 0-0 17. h5 Rfd8 18. Be3 Qc7 19. Rc1 b5 20. Qd2 Rac8 21. Ree1 Nxe5 22. Nxe5 Qxe5 23. Bb6 Qd6 24. Bxd8 Rxd8 25. Ne3 f4 26. Nc2 f3 27. Nd4 Bg5 28. Qd3 Bxc1 29. Rxc1 fxg2 30. Nxb5 Qf4 31. Qe3 Qh4 32. Kxg2 Qxh5 33. Nd4 Re8 34. Rh1 Qg6+ 35. Qg3 Qe4+ 36. f3 Qd3 37. Qf2 Qxc3 38. b5 Qxa3 39. Rb1 Qd3 40. Ra1 Bc8 41. Rxa4 Qg6+ 42. Qg3 Qd3 43. Qf2 h5 44. Ra7 Re5 45. Rc7 Rg5+ 46. Kh2 Be6 47. Nxe6 fxe6 48. Rc8+ Kh7 49. Qc2 Qxc2+ 50. Rxc2 d4 51. Rb2 Rc5 52. b6 Rc8 53. b7 Rb8 54. Kg2 Kg6 55. Kf2 Kf5 56. Ke2 e5 57. Kd3 g5 58. Rb5 Kf4 59. Rb6 Kxf3 60. Rf6+ Kg4 61. Rf7 h4 62. Ke4 h3 63. Kxe5 d3 64. Rd7 h2 65. Rd4+ Kh5 66. Rd7 Rh8 67. Rh7+ Rxh7 68. b8Q h1Q 69. Qe8+ Kh4 70. Qa4+ g4 71. Qf4 Qe1+ 72. Kd4 Qb4+ 73. Ke5 Qxf4+ 74. Kxf4 d2 0-1